Gaming Quiz

Random Gaming or Video Games Quiz

Video Game Parasites Quiz Stats

 Plays Quiz Updated Mar 4, 2020

Support Sporcle.
Go Orange.
Score 0/26 Timer 07:00
0 Plays Today
Parasite Game or Series % Correct
MetroidMetroid
77.2%
Alien (Xenomorph)Alien
74.1%
The FloodHalo
58.6%
Las PlagasResident Evil 4
53.6%
HeadcrabHalf-Life
48.7%
Queen GohmaLegend of Zelda: Ocarina of Time
46.8%
ZergStarCraft
45.6%
Parasect (tōchūkasō)Pokémon
40.1%
NecromorphsDead Space
39.2%
BulbminPikmin 2
30.3%
AparoidStar Fox: Assault
24.4%
LavosChrono Trigger
22.1%
Ampulex Compressa GiganteusDead Rising
17.3%
Parasite Game or Series % Correct
MitochondriaParasite Eve
16.2%
XMetroid Fusion
13.8%
BonethiefEternal Darkness: Sanity's Requiem
9.5%
GUILTTrauma Center
8.3%
Annelids (The Many)System Shock 2
7%
Pain WormDiablo II
6.6%
KhezuMonster Hunter
4.8%
Mind WormSid Meier's Alpha Centauri
3.2%
OktigiOddWorld: Stranger's Wrath
3%
DaemitesBloodRayne
3%
BorewormSplatterhouse
2.9%
ExocelCold Fear
2%
SilentLux-Pain
1.6%

You're not logged in!

Compare scores with friends on all Sporcle quizzes.
OR
Log In

From the Vault

Song Lyrics Mini Acrostic Puzzle

by bhenderson79

It's almost as puzzling as getting your guitar pick back after you drop it in the hole of the acoustic guitar.
Remove Ads.
Support Sporcle.
Get the best of Sporcle when you Go Orange. This ad-free experience offers more features, more stats, and more fun while also helping to support Sporcle. Thank you for becoming a member.

Show Comments

Extras

Top Quizzes Today


Score Distribution

Your Account Isn't Verified!

In order to create a playlist on Sporcle, you need to verify the email address you used during registration. Go to your Sporcle Settings to finish the process.

Report this User

Report this user for behavior that violates our Community Guidelines.

Details: